000 01842dam0a2200385 i 4500
001 RU\NLR\bibl\194997
005 20241213170306.0
010 _a5-02-002497-Х
_9290
021 _aRU
_b2001-0611п
_9255
035 _a(NLR Aleph) 000191473
090 _a13279116
_c13279116
100 _a20011022d2000 k y0rusy50 ca
101 0 _arus
_erus
_eeng
102 _aRU
105 _aa |||||||||
200 1 _aКонодонты и зональная стратиграфия пограничных отложений кембрия и ордовика
_dConodonts and zonal stratigraphy of the Cambrian-Ordovician boundary deposits
_fС.В. Дубинина
_gОтв. ред. Ю.Б. Гладенков
_zeng
210 _aМ.
_cНаука
_d2000
215 _a236,[3] с.,[8] л. ил.
_cил.
_d25
_e[1] отд.л.схем.
225 1 _aТруды
_fРос. акад. наук, Геол. ин-т
_x0002-3272
_vВып. 517
320 _aБиблиогр. в конце кн.
510 0 _aConodonts and zonal stratigraphy of the Cambrian-Ordovician boundary deposits
_zeng
606 0 _aКонодонты кембрийских отложений
_92223460
_3RU\NLR\auth\661334962
606 0 _aКонодонты ордовикских отложений
_92223456
_3RU\NLR\auth\661334959
606 0 _aКембрийские отложения
_xСтратиграфия
_91449016
_3RU\NLR\auth\66613806
606 0 _aОрдовикские отложения
_xСтратиграфия
_92223425
_3RU\NLR\auth\661334941
686 _aЕ169.9-1
686 _aД432.41-1
686 _aД432.42-1
700 1 _aДубинина
_bС. В.
_gСветлана Викторовна
_4070
801 0 _aRU
_bNLR
_c20011022
_gPSBO
801 1 _aRU
_bNLR
_c20011022
852 _aNLR
_jП8/245
942 _cBOOK